FIFA World Cup 2022 - All Star Players - Statistics

General Stats
  • This quiz has been taken 73 times
  • The average score is 18 of 32
Answer Stats
Country Age Name % Correct
Portugal 37 Cristiano Ronaldo
100%
Argentina 35 Lionel Messi
100%
Brazil 30 Neymar Jr.
100%
France 24 Kylian Mbappé
98%
Croatia 37 Luka Modrić
98%
England 29 Harry Kane
95%
Morocco 24 Achraf Hakimi
89%
Poland 34 Robert Lewandowski
89%
Netherlands 31 Virgil Van Dijk
88%
South Korea 30 Son Heung-Min
86%
Wales 33 Gareth Bale
81%
Uruguay 36 Luis Suárez
80%
Belgium 31 Kevin De Bruyne
77%
Spain 20 Pedri
77%
United States 24 Christian Pulisic
73%
Canada 22 Alphonso Davies
67%
Denmark 30 Christian Eriksen
64%
Costa Rica 36 Keylor Navas
63%
Switzerland 30 Granit Xhaka
55%
Serbia 23 Dušan Vlahović
41%
Iran 30 Mehdi Taremi
39%
Japan 29 Junya Ito
36%
Qatar 26 Akram Afif
25%
Ecuador 21 Moisés Caicedo
23%
Mexico 27 Hirving Lozano
22%
Germany 27 Leon Goretzka
22%
Saudi Arabia 31 Salem Al-Dawsari
22%
Ghana 22 Mohammed Kudus
14%
Cameroon 27 André-Frank Zambo Anguissa
5%
Australia 26 Ajdin Hrustic
3%
Senegal 31 Kalidou Koulibali
3%
Tunisia 32 Youssef Msakni
0%
No matching quizzes found
Score Distribution
Percent of People with Each Score
Percentile by Number Answered
Your Score History
You have not taken this quiz